The Big Movie Blanket Quiz Stats

Quiz Updated Apr 3, 2012

Also try: Movie Foursomes
Challenge
Share
Tweet
Embed
Score 0/246 Timer 10:00
1 Play Today
Movies % Correct
Good
100%
The
100%
The
100%
The
100%
The
100%
The
100%
The
100%
The
100%
The
100%
I
100%
Am
100%
Me
100%
Saving
100%
In
100%
Full
100%
No
100%
American
100%
On
100%
Into
100%
Midnight
100%
Man
100%
In
100%
Night
100%
In
100%
In
100%
With
100%
Came
100%
Her
100%
Dark
100%
By
100%
Of
100%
Green
100%
For
100%
Big
100%
In
100%
By
100%
Love
100%
Men
100%
Men
100%
Man
100%
Luke
100%
Afternoon
100%
Show
100%
There
100%
Ben
100%
John
100%
Kevin
100%
Tom
100%
Mel
100%
Will
100%
Jennifer
100%
Cameron
100%
John
100%
Paul
100%
Bruce
100%
Al
100%
Julia
100%
Robert
100%
Jim
100%
Cate
100%
Ryan
100%
Williams
100%
2007
100%
2007
100%
2007
100%
Parents
100%
DeNiro
100%
Arabia
100%
Of
100%
Hirsch
100%
What
100%
Dead
100%
High
100%
I'm
100%
Story
100%
Want
100%
Shut
100%
Smile
100%
Baby
100%
Beautiful
100%
Sean
100%
Scarlett
100%
Movies % Correct
Natalie
100%
Nicole
100%
Vanessa
100%
Natalie
100%
Edward
100%
Marlon
100%
Jeff
100%
Hilary
100%
Fiennes
100%
Fonda
100%
Gyllenhaal
100%
Grant
100%
Owen
100%
Tandy
100%
Modine
100%
Wilson
100%
Benigni
100%
Feldman
100%
1995
100%
1998
100%
1997
100%
1977
100%
2003
100%
1993
100%
1957
100%
1990
100%
1998
100%
1961
100%
2000
100%
2004
100%
2005
100%
1989
100%
2008
100%
1959
100%
1999
100%
2006
100%
1980
100%
1991
100%
1967
100%
1987
100%
1973
100%
2006
100%
1975
100%
2003
100%
2011
100%
2011
100%
1998
100%
1954
100%
1998
100%
2004
100%
1998
100%
2011
100%
1997
100%
1986
100%
2000
100%
1962
100%
Peter
100%
Water
99.9%
Robert
95.7%
Meet
95%
Private
90.2%
Ryan
90.1%
Hanks
87%
Gibson
85%
Women
82.1%
Smith
81%
Will
81%
Kidman
80.9%
Roberts
80%
Lawrence
78.4%
Eyes
78.2%
Wide
77.8%
Hunting
77.2%
Penn
77.1%
Diaz
77%
Portman
76%
Brando
75.1%
Maggie
73.2%
Carrey
73.1%
Swank
73.1%
Legend
72.9%
Affleck
72.5%
Movies % Correct
Million
72.2%
Dollar
72.1%
Knight
72%
Owen
71.5%
Hand
71.2%
Cool
70.7%
Truman
70.3%
Stand
69.9%
Aniston
68.6%
Mona
66.4%
Lisa
66.4%
Along
66.2%
Paris
66.1%
Lebowski
65.7%
Pacino
64.9%
Bridges
64.7%
Norton
64.4%
Elephants
64.3%
Shakespeare
64.1%
Polly
63.9%
Metal
63.7%
Jacket
63.6%
Elephant
63.4%
Blanchett
63.3%
Newman
61.7%
Day
60.6%
Dog
59.2%
Waterfront
57.6%
Is
57.2%
Henry
56.8%
Side
56.3%
West
56.2%
Robin
55.3%
Clive
55%
X
54.8%
History
54.1%
Johansson
53.9%
Shoes
53.8%
Cary
51.5%
Corey
51.5%
Meg
51.4%
Life
51.1%
O'Toole
50.5%
Wood
49.6%
Jessica
49.3%
Costner
48.7%
Pattinson
47.6%
Matthew
45.5%
Walking
45.4%
Poets
45.4%
Society
45.4%
Dead
44.8%
Children
43.3%
North
43.1%
Wolves
42.9%
Northwest
42.9%
Wild
42.6%
Dances
42.3%
Not
42.2%
School
40.9%
Seattle
40.1%
Sleepless
40%
Joseph
39.7%
Musical
38.8%
Emile
38.7%
Tomatoes
37.5%
Hudgens
37.5%
Roberto
37.5%
Fried
37.4%
Twelve
37.3%
Angry
37.2%
Lost
35.2%
Translation
34.9%
Lee
29.8%
Travolta
26.8%
Saturday
24.3%
Fever
24.2%
Strings
22.5%
Attached
22.5%
Hurt
22.3%
Dragon
22.2%
Enter
20.8%

You're not logged in!

Compare scores with friends on all Sporcle quizzes.
Sign Up with Email
OR
Log In

You Might Also Like...

Show Comments

Extras

Top Quizzes Today


Score Distribution

Your Account Isn't Verified!

In order to create a playlist on Sporcle, you need to verify the email address you used during registration. Go to your Sporcle Settings to finish the process.